000 00673nam a2200205Ii 4500
003 JO-AjNU
008 230605s9999||||xx |||||||||||||| ||und||
017 _a2003/5/892
040 _aJO-AjNU
_bara
_erda
_cJO-AjNU
041 _aara
050 1 4 _aBJ1291.S586.2003
100 3 _aشومان،موسى عبد الهادي,
_eauthor
_913864
245 0 0 _aالمصباح المنير في أخلاق المسلم
264 3 1 _aعمان:دار اسامة للنشر والتوزيع ،2003
300 _a88ص
336 _atext
_btxt
_2rdacontent
337 _aunmediated
_bn
_2rdamedia
338 _avolume
_bnc
_2rdacarrier
650 4 _aالاداب الاسلامية
_913865
999 _aA3561
_c7129
_d7129